LEADER 01214nam a2200289 i 4500 001 000000202196 003 CaOOAMICUS 005 20220615150907.0 008 160629s1974 it u000 u ita u 013 $a180903 040 $aSeMil$bita 100 1 $aSchulz, Dora.$0(OLS)http://semarc/name/73081 245 10$aGlossar Deutsch-Italienisch /$czu Dora Schulz, Heinz Griesbach. 264 1$aMilano :$bEdizioni A.P.E.,$c1974. 264 1$aMilano :$bMursia,$c1974. 300 $a45 p. ;$c22 cm. 500 $aAllegato a : Deutsche Sprachlehre fur Italiener. 650 4$aLingua tedesca - Insegnamento.$0(OLS)http://semarc/subject/38008 650 4$aLingua tedesca - Dizionari, vocabolari, glossari, etc.$0(OLS)http://semarc/subject/696 700 1 $aGriesbach, Heinz.$0(OLS)http://semarc/name/73082 850 $aSeMil 852 $aSeMil$W1$xVenegono$y1$m1Q III 70$j233160$B152719$CSeMilBibl$Z2$F212716 $81 961 $aLascito: Calori don Carlo 996 $6245$aGlossar Deutsch-Italienisch$9(OLS)http://semarc/title/292681 996 $6264$aMilano :$bMursia$9(OLS)http://semarc/publisher/30230 996 $6264$aMilano :$bEdizioni A.P.E.$9(OLS)http://semarc/publisher/49707